Trabajos de repoblación practicados en Francia (Record no. 162054)

MARC details
000 -LEADER
campo de control de longitud fija 00770nam a22001815i 4500
001 - NÚMERO DE CONTROL
campo de control 162054
003 - IDENTIFICADOR DE NÚMERO DE CONTROL
campo de control ES-MaACL
005 - FECHA Y HORA DE LA ÚLTIMA TRANSACCIÓN
campo de control 20230906212422.0
008 - DATOS DE LONGITUD FIJA--INFORMACIÓN GENERAL
campo de control de longitud fija 980407s1888 sp a c |||| | spa d
040 ## - FUENTE DE CATALOGACIÓN
Centro catalogador/agencia de origen CYL
Lengua de catalogación spa
Centro/agencia transcriptor CYL
100 0# - ENTRADA PRINCIPAL--NOMBRE DE PERSONA
Nombre de persona Piccioli, Francesco.
9 (RLIN) 91820
245 10 - MENCIÓN DEL TÍTULO
Título Trabajos de repoblación practicados en Francia
Resto del título : memoria /
Mención de responsabilidad, etc. escrita por Francisco Piccioli ; traducida del italiano por Esteban Nagusía.
260 ## - PUBLICACIÓN, DISTRIBUCIÓN, ETC.
Lugar de publicación, distribución, etc. Madrid :
Nombre del editor, distribuidor, etc. [s.n.],
Fecha de publicación, distribución, etc. 1888 (
Fabricante Imprenta de Moreno y Rojas)
300 ## - DESCRIPCIÓN FÍSICA
Extensión 222, [6] h. de lám. :
Otras características físicas il. ;
Dimensiones 25 cm.
650 #4 - PUNTO DE ACCESO ADICIONAL DE MATERIA--TÉRMINO DE MATERIA
Término de materia o nombre geográfico como elemento de entrada Repoblación forestal-
Subdivisión geográfica Francia.
9 (RLIN) 150365
700 0# - ENTRADA AGREGADA--NOMBRE PERSONAL
Nombre de persona Nagusia, Esteban.
9 (RLIN) 84855
852 ## - LOCALIZACIÓN
Ubicación ES-MaACL
Número de control de estantería G-9536(4)
Nota libre -- Enc. hol.
-- -- Enc. en un vol. facticio, formando parte de la col. "Varios sobre montes"
Holdings
Estatus retirado Estado de pérdida Estado de daño No para préstamo Colección Biblioteca de origen Biblioteca actual Ubicación en estantería Fecha de adquisición Total de préstamos Signatura topográfica completa Código de barras Visto por última vez Precio de reemplazo Tipo de ítem Koha
        Libros del s. XIX Biblioteca del Ateneo de Madrid Biblioteca del Ateneo de Madrid Sala Pecera Planta 3 17/01/2008   G-9536(4) 1169763 23/02/2023 23/02/2023 Libro impreso antiguo